| 000 | 01258cam a2200325 a 4500 | ||
|---|---|---|---|
| 001 | 1437955 | ||
| 003 | CO-ViMGA | ||
| 005 | 20230915233613.0 | ||
| 008 | 160203r2014 ck a gr 00010 spa d | ||
| 020 | _a9789583044281 | ||
| 040 |
_aCO-ViMGA _bspa _cCO-ViMGA |
||
| 082 | 0 | 4 |
_a913.3 _bC78c _221 |
| 100 | 1 |
_aCrummenerl, Rainer. _994 |
|
| 245 | 1 | 0 |
_aCiudades perdidas / _cRainer Crummenerl ; ilustrador Nikolai Smirnov, Frank Kliemt ; traductora Amalia Risueño. |
| 250 | _aEditor Cesar Alberto Cardozo Tovar. | ||
| 260 |
_aBogot :̀ _bPanamericana Editorial, _c2014. |
||
| 300 |
_a48 páginas : _bilustraciones,fotografa̕s ; _c28 cm. |
||
| 490 | _acomo y por que | ||
| 504 | _aIncluye índice. | ||
| 534 |
_pTítulo original : _tVersunkene std̃te. |
||
| 650 | 1 | 4 |
_aCiudades y pueblos desaparecidos _v Literatura juvenil. _9852 |
| 650 | 1 | 4 |
_aCivilización antigua _v Literatura juvenil. _9850 |
| 650 | 1 | 4 |
_aExcavaciones arqueológicas _v Literatura juvenil. _9851 |
| 650 | 1 | 4 |
_aMonumentos históricos _v Literatura juvenil. _9853 |
| 700 | 1 |
_aCardozo, Cesar, _eeditor. _9106 |
|
| 700 | 1 |
_aKliemt, Frank, _eilustrador. _9799 |
|
| 700 | 1 |
_aRisueño, Amalia, _etraductor. _9112 |
|
| 700 | 1 |
_aSminov, Nikolai, _eilustrador. _9854 |
|
| 942 |
_2ddc _cBK |
||
| 999 |
_c37318 _d37318 |
||